[Event "GER-chT Seniors 21st"]
[Site "Berlin"]
[Date "2012.09.15"]
[Round "6.41"]
[White "Boehm, Eckart"]
[Black "Niebling, Ferdinand"]
[Result "1/2-1/2"]
[WhiteElo "1963"]
[BlackElo "2053"]
[PlyCount "55"]
[EventDate "2012.09.10"]
[EventType "team-swiss"]
[EventRounds "7"]
[EventCountry "GER"]
[SourceTitle "CBM 150 Extra"]
[Source "ChessBase"]
[SourceDate "2012.10.19"]
[SourceVersion "1"]
[SourceVersionDate "2012.10.19"]
[SourceQuality "1"]
[WhiteTeam "Schleswig Holstein Seniors II"]
[BlackTeam "Hessen Seniors II"]
[WhiteTeamCountry "GER"]
[BlackTeamCountry "GER"]

1. e4 e6 2. d4 d5 3. Nd2 c5 4. Ngf3 cxd4 5. Nxd4 Nc6 6. N4b3 Nf6 7. exd5 Nxd5 8. Nf3 Be7 9. Be2 0-0 10. 0-0 Qc7 11. c3 b6 12. Bd3 Bb7 13. Qe2 Nf4 14. Bxf4 Qxf4 15. Rad1 Rfd8 16. Bb1 g6 17. Rxd8+ Rxd8 18. Rd1 Rxd1+ 19. Qxd1 Qc7 20. Qd2 Bf6 21. Be4 Kg7 22. Nbd4 Nxd4 23. Bxb7 Qxb7 24. Nxd4 Qd5 25. Nb3 Qe4 26. f3 Qb1+ 27. Nc1 b5 28. Kf2 1/2-1/2

[Event "GER-chT Seniors 20th"]
[Site "Gladenbach"]
[Date "2011.09.15"]
[Round "5.1"]
[White "Pamperin, Gerhard"]
[Black "Boehm, Eckart"]
[Result "0-1"]
[WhiteElo "1800"]
[BlackElo "1923"]
[PlyCount "70"]
[EventDate "2011.09.11"]
[EventType "team-swiss"]
[EventRounds "7"]
[EventCountry "GER"]
[SourceTitle "CBM 144 Extra"]
[Source "ChessBase"]
[SourceDate "2011.10.28"]
[SourceVersion "1"]
[SourceVersionDate "2011.10.28"]
[SourceQuality "1"]
[WhiteTeam "Mecklenburg Vorpommern II"]
[BlackTeam "Schleswig Holstein II"]
[WhiteTeamCountry "GER"]
[BlackTeamCountry "GER"]

1. d4 Nf6 2. c4 e6 3. Nf3 b6 4. g3 Bb7 5. Bg2 Bb4+ 6. Bd2 Bxd2+ 7. Nbxd2 0-0 8. 0-0 d6 9. e3 Ne4 10. Nxe4 Bxe4 11. Qe2 a5 12. a3 Nd7 13. b4 Qe7 14. Qd2 Qf6 15. Nh4 Bxg2 16. Nxg2 Qe7 17. Rfd1 f5 18. Nf4 g5 19. Ne2 h5 20. Nc3 Nf6 21. e4 f4 22. f3 Kh8 23. e5 Nh7 24. exd6 cxd6 25. Qe2 g4 26. Nd5 Qg7 27. Nxf4 Rxf4 28. Qxe6 Rxd4 29. fxg4 Ng5 30. Qe2 hxg4 31. Rac1 Rf8 32. Kh1 Nh3 33. Rf1 Qb7+ 34. Qg2 Rxf1+ 35. Rxf1 Qxg2+ 0-1

[Event "GER-chT Seniors 20th"]
[Site "Gladenbach"]
[Date "2011.09.13"]
[Round "3.1"]
[White "Boehm, Eckart"]
[Black "Villing, Dieter"]
[Result "0-1"]
[WhiteElo "1923"]
[BlackElo "2075"]
[PlyCount "86"]
[EventDate "2011.09.11"]
[EventType "team-swiss"]
[EventRounds "7"]
[EventCountry "GER"]
[SourceTitle "CBM 144 Extra"]
[Source "ChessBase"]
[SourceDate "2011.10.28"]
[SourceVersion "1"]
[SourceVersionDate "2011.10.28"]
[SourceQuality "1"]
[WhiteTeam "Schleswig Holstein II"]
[BlackTeam "Baden II"]
[WhiteTeamCountry "GER"]
[BlackTeamCountry "GER"]

1. e4 d6 2. d4 Nf6 3. Nc3 c6 4. Nf3 Bg4 5. Be2 e6 6. Be3 Be7 7. 0-0 d5 8. e5 Nfd7 9. h3 Bh5 10. Nh2 Bxe2 11. Nxe2 c5 12. c3 Nc6 13. f4 Qb6 14. Qd2 cxd4 15. cxd4 Na5 16. b3 Nc6 17. Qb2 0-0 18. Nf3 Rac8 19. Rac1 f6 20. Nc3 fxe5 21. Na4 Qa6 22. fxe5 Nb4 23. Rxc8 Rxc8 24. Rc1 Rxc1+ 25. Qxc1 Qc6 26. Qxc6 bxc6 27. Nc3 h6 28. Kf1 Kf7 29. Ke2 a6 30. Ne1 c5 31. Nf3 Nc6 32. Kd3 cxd4 33. Bxd4 Bc5 34. Bxc5 Nxc5+ 35. Ke3 Nd7 36. Na4 Ndxe5 37. Nxe5+ Nxe5 38. Kd4 Nd7 39. Nc5 Nxc5 40. Kxc5 Ke7 41. b4 Kd7 42. a4 Kc7 43. g3 g6 0-1

[Event "GER-chT Seniors 20th"]
[Site "Gladenbach"]
[Date "2011.09.12"]
[Round "2.1"]
[White "Hamm, Georg"]
[Black "Boehm, Eckart"]
[Result "1/2-1/2"]
[WhiteElo "2020"]
[BlackElo "1923"]
[PlyCount "69"]
[EventDate "2011.09.11"]
[EventType "team-swiss"]
[EventRounds "7"]
[EventCountry "GER"]
[SourceTitle "CBM 144 Extra"]
[Source "ChessBase"]
[SourceDate "2011.10.28"]
[SourceVersion "1"]
[SourceVersionDate "2011.10.28"]
[SourceQuality "1"]
[WhiteTeam "Sachsen Anhalt II"]
[BlackTeam "Schleswig Holstein II"]
[WhiteTeamCountry "GER"]
[BlackTeamCountry "GER"]

1. g3 e5 2. c4 Nf6 3. Nc3 Bc5 4. Bg2 c6 5. Qb3 0-0 6. e3 d6 7. Nge2 Re8 8. 0-0 Nbd7 9. d3 Bb6 10. Qc2 a5 11. d4 Nf8 12. Rd1 Qe7 13. b3 Bg4 14. f3 Bh5 15. Na4 Bg6 16. e4 Bxd4+ 17. Nxd4 exd4 18. Rxd4 Ne6 19. Rd1 d5 20. cxd5 Nxd5 21. Qf2 Ndc7 22. Nb6 Rad8 23. Be3 Nb5 24. Bf1 Rxd1 25. Rxd1 Rd8 26. Rxd8+ Qxd8 27. Bxb5 cxb5 28. Nd5 f5 29. Bb6 Qd7 30. Qe2 fxe4 31. fxe4 Ng5 32. Nc3 b4 33. Qc4+ Bf7 34. Nd5 Nxe4 35. Qxe4 1/2-1/2

[Event "GER-chT Seniors 20th"]
[Site "Gladenbach"]
[Date "2011.09.11"]
[Round "1.1"]
[White "Boehm, Eckart"]
[Black "Liebert, Heinz"]
[Result "0-1"]
[WhiteElo "1923"]
[BlackElo "2168"]
[PlyCount "64"]
[EventDate "2011.09.11"]
[EventType "team-swiss"]
[EventRounds "7"]
[EventCountry "GER"]
[SourceTitle "CBM 144 Extra"]
[Source "ChessBase"]
[SourceDate "2011.10.28"]
[SourceVersion "1"]
[SourceVersionDate "2011.10.28"]
[SourceQuality "1"]
[WhiteTeam "Schleswig Holstein II"]
[BlackTeam "Sachsen Anhalt"]
[WhiteTeamCountry "GER"]
[BlackTeamCountry "GER"]

1. e4 c5 2. Nc3 Nc6 3. g3 g6 4. Bg2 Bg7 5. d3 d6 6. Be3 e5 7. Qd2 Be6 8. Nf3 Nd4 9. Ng5 Bd7 10. f4 f6 11. Nf3 Ne7 12. 0-0 0-0 13. Rae1 Be6 14. h3 Qd7 15. Kh2 Rae8 16. a3 b6 17. Nh4 exf4 18. gxf4 f5 19. Nf3 Nxf3+ 20. Rxf3 d5 21. exd5 Nxd5 22. Bf2 Nxc3 23. bxc3 Bd5 24. Rfe3 Bxg2 25. Kxg2 Rxe3 26. Rxe3 Qa4 27. c4 Qxa3 28. d4 Qa4 29. Re7 Qxc4 30. d5 Bd4 31. Rd7 Re8 32. Kf3 Qf1 0-1

[Event "GER-chT Seniors 18th"]
[Site "Finsterbergen"]
[Date "2009.09.14"]
[Round "4"]
[White "Boehm, Eckart"]
[Black "Schwertel, Johann"]
[Result "1/2-1/2"]
[WhiteElo "1930"]
[BlackElo "2007"]
[PlyCount "46"]
[EventDate "2009.09.12"]
[EventType "team-swiss"]
[EventRounds "7"]
[EventCountry "GER"]
[SourceTitle "CBM 132 Extra"]
[Source "ChessBase"]
[SourceDate "2009.11.03"]
[SourceVersion "1"]
[SourceVersionDate "2009.11.03"]
[SourceQuality "1"]

1. e4 d5 2. exd5 Qxd5 3. Nc3 Qa5 4. d4 c6 5. Nf3 Bg4 6. Be2 e6 7. 0-0 Nf6 8. Ne5 Bf5 9. Bf4 Be7 10. Nc4 Qd8 11. Ne3 Bg6 12. Na4 Nd5 13. Nxd5 exd5 14. Re1 Nd7 15. Bd3 Bxd3 16. Qxd3 0-0 17. Re2 Nb6 18. Nc5 Bxc5 19. dxc5 Nd7 20. Bd6 Re8 21. Rxe8+ Qxe8 22. Kf1 Ne5 23. Qe2 Ng6 1/2-1/2

[Event "GER-chT Seniors 18th"]
[Site "Finsterbergen"]
[Date "2009.09.13"]
[Round "2"]
[White "Biller, Helmut"]
[Black "Boehm, Eckart"]
[Result "0-1"]
[WhiteElo "2163"]
[BlackElo "1930"]
[PlyCount "88"]
[EventDate "2009.09.12"]
[EventType "team-swiss"]
[EventRounds "7"]
[EventCountry "GER"]
[SourceTitle "CBM 132 Extra"]
[Source "ChessBase"]
[SourceDate "2009.11.03"]
[SourceVersion "1"]
[SourceVersionDate "2009.11.03"]
[SourceQuality "1"]

1. d4 Nf6 2. c4 e6 3. Nc3 Bb4 4. Qc2 0-0 5. a3 Bxc3+ 6. Qxc3 d5 7. Bg5 Nbd7 8. cxd5 exd5 9. e3 Re8 10. Bd3 c6 11. Nf3 Nf8 12. 0-0 Bg4 13. Ne5 Bh5 14. f4 h6 15. Bh4 Ne4 16. Qe1 f6 17. Bxe4 dxe4 18. g4 Bf7 19. Nxf7 Kxf7 20. Qb4 Re7 21. f5 Qd5 22. Rac1 Nd7 23. Qxb7 Rb8 24. Qxc6 Qxc6 25. Rxc6 Rxb2 26. Ra6 Nb6 27. Rc1 Nd5 28. Bf2 Rb3 29. Rc5 Nxe3 30. Bxe3 Rxe3 31. Rca5 Rd3 32. Rxa7 Rxd4 33. Rxe7+ Kxe7 34. Ra7+ Kd6 35. Rxg7 Ke5 36. Rf7 Kf4 37. Rxf6 Kf3 38. h4 e3 39. Re6 Rxg4+ 40. Kf1 Rxh4 41. Kg1 e2 42. f6 Rg4+ 43. Kh2 Kf2 44. Kh3 Rf4 0-1

[Event "GER-chT Seniors 17th"]
[Site "Berlin"]
[Date "2008.09.02"]
[Round "3"]
[White "Pape, Manfred"]
[Black "Boehm, Eckart"]
[Result "0-1"]
[WhiteElo "2286"]
[BlackElo "1926"]
[PlyCount "58"]
[EventDate "2008.08.31"]
[EventType "team-swiss"]
[EventRounds "7"]
[EventCountry "GER"]
[SourceTitle "CBM 126 Extra"]
[Source "ChessBase"]
[SourceDate "2008.11.05"]
[SourceVersion "1"]
[SourceVersionDate "2008.11.05"]
[SourceQuality "1"]

1. c4 e5 2. Nc3 Nc6 3. g3 b6 4. Bg2 Bb7 5. e3 Bb4 6. Nge2 Nf6 7. 0-0 0-0 8. a3 Bxc3 9. Nxc3 Re8 10. Qc2 a5 11. Rb1 Qc8 12. b4 Ne7 13. Bh3 Qd8 14. d4 Ng6 15. d5 d6 16. e4 Bc8 17. Bg2 Bd7 18. h3 Rf8 19. Be3 Ne8 20. c5 f5 21. cxb6 axb4 22. Rxb4 cxb6 23. Ra1 f4 24. Bxb6 Qf6 25. a4 f3 26. Bf1 Qg5 27. Be3 Qh5 28. Kh2 Nf6 29. Bb6 Bxh3 0-1

[Event "GER-chT Seniors 16th"]
[Site "Halle"]
[Date "2007.09.19"]
[Round "7.1"]
[White "Salov, Sergej"]
[Black "Boehm, Eckart"]
[Result "1-0"]
[WhiteElo "2285"]
[BlackElo "1941"]
[PlyCount "71"]
[EventDate "2007.09.13"]
[EventType "team"]
[EventRounds "7"]
[EventCountry "GER"]
[SourceTitle "EXT 2008"]
[Source "ChessBase"]
[SourceDate "2007.11.25"]
[SourceVersion "1"]
[SourceVersionDate "2007.11.25"]
[SourceQuality "1"]

1. e4 Nf6 2. e5 Nd5 3. d4 d6 4. Nf3 Bg4 5. Be2 e6 6. 0-0 Be7 7. c4 Nb6 8. h3 Bxf3 9. Bxf3 Nc6 10. exd6 cxd6 11. d5 exd5 12. Bxd5 Nxd5 13. Qxd5 0-0 14. Nc3 Re8 15. b3 Bf6 16. Bb2 Nb4 17. Qd2 Qd7 18. Rad1 Rad8 19. Nb5 Bxb2 20. Qxb2 Re6 21. Nxa7 Rg6 22. Kh1 Qf5 23. Qd2 Nc6 24. Nb5 Qe4 25. f3 Qh4 26. Qf2 Qh6 27. Rfe1 Re6 28. Nc7 Rxe1+ 29. Qxe1 Kf8 30. c5 Ne5 31. Qe4 Qg6 32. Qxb7 Qc2 33. Qd5 Ng6 34. cxd6 Nf4 35. Qd2 Qf5 36. d7 1-0

[Event "GER-chT Seniors 15th"]
[Site "Bad Blankenburg"]
[Date "2006.09.07"]
[Round "5.1"]
[White "Boehm, Eckart"]
[Black "Liebisch, Dieter"]
[Result "1-0"]
[WhiteElo "1908"]
[BlackElo "2069"]
[PlyCount "101"]
[EventDate "2006.09.03"]
[EventType "team-swiss"]
[EventRounds "7"]
[EventCountry "GER"]
[SourceTitle "CBM 114 Extra"]
[Source "ChessBase"]
[SourceDate "2006.11.03"]
[SourceVersion "1"]
[SourceVersionDate "2006.11.03"]
[SourceQuality "1"]

1. e4 Nf6 2. Nc3 d5 3. e5 Nfd7 4. d4 e6 5. f4 c5 6. Nf3 Nc6 7. Be3 a6 8. Ne2 cxd4 9. Nexd4 Be7 10. c3 Qc7 11. Be2 g5 12. Nxc6 bxc6 13. fxg5 Rg8 14. 0-0 Nxe5 15. Nxe5 Qxe5 16. Bf4 Qg7 17. Bh5 Kd7 18. Qe2 Bb7 19. Be5 Qxg5 20. Rxf7 Raf8 21. Bf6 Qxf6 22. Rxf6 Rxf6 23. Re1 c5 24. Bg4 Rgg6 25. Bf3 Bc6 26. c4 Rxf3 27. Qxf3 d4 28. Qf7 Bxg2 29. Qxg6 hxg6 30. Kxg2 Bg5 31. Rd1 Be3 32. Kf3 g5 33. h3 a5 34. Rd3 Kd6 35. Ke4 Bc1 36. Ra3 Bd2 37. Rf3 Bc1 38. Rb3 Bd2 39. Rb6+ Ke7 40. Kd3 Be1 41. Ke2 Bg3 42. Rb5 Kd6 43. Rxa5 e5 44. Ra6+ Kc7 45. Kd3 Bf4 46. Ke4 Kb7 47. Ra5 Kb6 48. Rb5+ Kc6 49. a4 Kd6 50. a5 Ke6 51. a6 1-0

[Event "GER-chT Seniors 15th"]
[Site "Bad Blankenburg"]
[Date "2006.09.06"]
[Round "4.1"]
[White "Krueger, Gerhard"]
[Black "Boehm, Eckart"]
[Result "1/2-1/2"]
[WhiteElo "1832"]
[BlackElo "1908"]
[PlyCount "33"]
[EventDate "2006.09.03"]
[EventType "team-swiss"]
[EventRounds "7"]
[EventCountry "GER"]
[SourceTitle "CBM 114 Extra"]
[Source "ChessBase"]
[SourceDate "2006.11.03"]
[SourceVersion "1"]
[SourceVersionDate "2006.11.03"]
[SourceQuality "1"]

1. e4 Nf6 2. e5 Nd5 3. c4 Nb6 4. d4 d6 5. Nc3 dxe5 6. dxe5 Qxd1+ 7. Nxd1 Nc6 8. f4 e6 9. Bd2 Bc5 10. Nf3 Nb4 11. Bxb4 Bxb4+ 12. Kf2 0-0 13. a3 Bc5+ 14. Kg3 a5 15. Nc3 Bd7 16. Be2 Bc6 17. Rhd1 1/2-1/2